[Event "CZE-chT1E 1415"]
[Site "Czech Republic"]
[Date "2015.02.01"]
[Round "7.5"]
[White "Novosak, Jiri"]
[Black "Zabystrzan, Pavel"]
[Result "0-1"]
[WhiteElo "2321"]
[BlackElo "2248"]
[PlyCount "108"]
[EventDate "2014.10.19"]
[EventType "team-tourn"]
[EventRounds "11"]
[EventCountry "CZE"]
[SourceTitle "EXT 2016"]
[Source "ChessBase"]
[SourceDate "2015.10.08"]
[SourceVersion "1"]
[SourceVersionDate "2015.10.08"]
[SourceQuality "1"]
[WhiteTeam "Grygov"]
[BlackTeam "Orlova Slavia"]
[WhiteTeamCountry "CZE"]
[BlackTeamCountry "CZE"]

1. e4 c6 2. c4 e5 3. d4 d6 4. Nc3 Nf6 5. Be2 Be7 6. Be3 Qc7 7. f4 Nbd7 8. Nf3 Ng4 9. Qd2 Nxe3 10. Qxe3 a6 11. a4 0-0 12. 0-0 Re8 13. Kh1 exd4 14. Nxd4 Bf6 15. Rad1 Nf8 16. Rd2 Bd7 17. Rfd1 c5 18. Nc2 Bxc3 19. Qxc3 Rxe4 20. b3 Rxf4 21. Rxd6 Bc6 22. Qg3 Re4 23. Bf3 Re6 24. Bxc6 bxc6 25. Qd3 Rae8 26. Rxe6 Nxe6 27. Re1 Rd8 28. Qe3 Qd6 29. h3 Qd3 30. Re2 Qxe3 31. Rxe3 Rd2 32. Ne1 g6 33. Nd3 Kg7 34. Ne5 Rd6 35. Nd3 a5 36. Kg1 f6 37. Kf2 Kf7 38. g3 h5 39. h4 Rd8 40. Kg2 Rb8 41. Nc1 Nd4 42. Kf2 Ra8 43. Rd3 Re8 44. Rc3 g5 45. hxg5 fxg5 46. Re3 Kf6 47. Rc3 Kf5 48. Rd3 Kg4 49. Rc3 Kh3 50. Nd3 Rf8+ 51. Ke3 Rf3+ 52. Ke4 Kxg3 53. Rc1 g4 54. Nxc5 Nxb3 0-1

[Event "CZE-chT1 East 0506"]
[Site "Czech Republic"]
[Date "2005.10.23"]
[Round "1.4"]
[White "Novosak, Jiri"]
[Black "Karlik, Vladimir"]
[Result "1-0"]
[WhiteElo "2311"]
[BlackElo "2288"]
[PlyCount "63"]
[EventDate "2005.10.23"]
[EventType "team"]
[EventRounds "11"]
[EventCountry "CZE"]
[SourceTitle "EXT 2008"]
[Source "ChessBase"]
[SourceDate "2007.11.25"]
[SourceVersion "1"]
[SourceVersionDate "2007.11.25"]
[SourceQuality "1"]

1. e4 g6 2. d4 Bg7 3. Nf3 c6 4. Be3 d5 5. Nbd2 Nh6 6. Bd3 dxe4 7. Nxe4 Nf5 8. c3 Nxe3 9. fxe3 Nd7 10. 0-0 0-0 11. Qb3 Nf6 12. Neg5 e6 13. Rae1 Nd5 14. h4 Qe7 15. g3 h6 16. Ne4 Qc7 17. Kg2 b6 18. h5 g5 19. c4 Ne7 20. Bb1 f5 21. Nf2 Kh8 22. Nd3 c5 23. Nfe5 Bb7+ 24. Kh2 cxd4 25. exd4 Qd8 26. Qa3 Qe8 27. Qxe7 Qxh5+ 28. Kg1 Qh1+ 29. Kf2 Qg2+ 30. Ke3 Rad8 31. Nf7+ Kh7 32. Nxd8 1-0

[Event "MOR-chT 0203"]
[Site "Moravia"]
[Date "2003.03.09"]
[Round "9"]
[White "Novosak, Jiri"]
[Black "Hladik, Oto"]
[Result "1/2-1/2"]
[WhiteElo "2305"]
[BlackElo "2243"]
[PlyCount "112"]
[EventDate "2002.10.??"]
[EventType "team"]
[EventRounds "11"]
[EventCountry "CZE"]
[SourceTitle "EXT 2006"]
[Source "ChessBase"]
[SourceDate "2005.11.24"]
[SourceVersion "1"]
[SourceVersionDate "2005.11.24"]
[SourceQuality "1"]

1. e4 e5 2. Nf3 Nc6 3. Bb5 a6 4. Bxc6 dxc6 5. 0-0 f6 6. d4 exd4 7. Nxd4 c5 8. Ne2 Qxd1 9. Rxd1 Bd7 10. Nbc3 0-0-0 11. Be3 Bd6 12. Bf4 Bxf4 13. Nxf4 Ne7 14. Rd2 Bg4 15. Rxd8+ Rxd8 16. f3 Bd7 17. Rd1 Re8 18. Nh5 Rg8 19. Kf2 Be8 20. g4 f5 21. Ke3 Bxh5 22. gxh5 Rf8 23. Nd5 Nxd5+ 24. Rxd5 fxe4 25. fxe4 b6 26. Rg5 Rf7 27. Rg2 Kd7 28. Rf2 Re7 29. Rf8 Ke6 30. Kf4 Rd7 31. Re8+ Kf7 32. Rc8 Ke6 33. Re8+ Kf7 34. Rc8 Ke6 35. Ke3 Rf7 36. Re8+ Kd7 37. Rg8 Ke6 38. Re8+ Kd7 39. Rg8 Ke6 40. Rd8 Re7 41. Rh8 h6 42. Rf8 Rd7 43. Rf1 Ke5 44. Rf5+ Ke6 45. Rf1 Ke5 46. Rf8 Ke6 47. Re8+ Kf7 48. Rc8 Ke6 49. h4 Rf7 50. a4 a5 51. Re8+ Kd7 52. Rg8 Ke6 53. Rc8 Kd7 54. Rg8 Ke6 55. Rd8 Ke7 56. Rc8 Kd7 1/2-1/2

[Event "MOR-chT 0203"]
[Site "Moravia"]
[Date "2003.01.19"]
[Round "6"]
[White "Novosak, Jiri"]
[Black "Novotny, Michal"]
[Result "1-0"]
[WhiteElo "2305"]
[BlackElo "2165"]
[PlyCount "81"]
[EventDate "2002.10.??"]
[EventType "team"]
[EventRounds "11"]
[EventCountry "CZE"]
[SourceTitle "EXT 2005"]
[Source "ChessBase"]
[SourceDate "2004.11.15"]
[SourceVersion "1"]
[SourceVersionDate "2004.11.15"]
[SourceQuality "1"]

1. e4 c5 2. Nf3 d6 3. d4 cxd4 4. Qxd4 Bd7 5. Bg5 Nc6 6. Qd2 h6 7. Bf4 Nf6 8. Nc3 e5 9. Bg3 Be6 10. Be2 Be7 11. 0-0 0-0 12. Rfd1 Rc8 13. Bh4 Nxe4 14. Nxe4 Bxh4 15. Nxd6 Rc7 16. Nxh4 Qxh4 17. Nb5 Rd7 18. Qe3 Rxd1+ 19. Rxd1 Qa4 20. Qc3 Qxa2 21. Nd6 Nd4 22. Bd3 Qd5 23. Qc7 b6 24. Ra1 Nb3 25. Rxa7 Nc5 26. Bf1 Nd7 27. Ra1 Qd4 28. c3 Qf4 29. Bc4 e4 30. Re1 Ne5 31. Rxe4 Qc1+ 32. Bf1 Nd3 33. Qxb6 Nxb2 34. Qe3 Qb1 35. Qe1 Nd1 36. Rd4 Nxc3 37. Qxc3 Rb8 38. Qd2 Rb2 39. Qd1 Qa2 40. Qe1 Qa7 41. Rd1 1-0

[Event "MOR-chT 0203"]
[Site "Moravia"]
[Date "2003.01.05"]
[Round "5"]
[White "Bazant, Petr Sr"]
[Black "Novosak, Jiri"]
[Result "1/2-1/2"]
[WhiteElo "2349"]
[BlackElo "2305"]
[PlyCount "98"]
[EventDate "2002.10.??"]
[EventType "team"]
[EventRounds "11"]
[EventCountry "CZE"]
[SourceTitle "EXT 2005"]
[Source "ChessBase"]
[SourceDate "2004.11.15"]
[SourceVersion "1"]
[SourceVersionDate "2004.11.15"]
[SourceQuality "1"]

1. d4 d5 2. c4 c6 3. cxd5 cxd5 4. Nc3 Nc6 5. Nf3 Nf6 6. Bf4 a6 7. Rc1 Bf5 8. e3 e6 9. Bd3 Bxd3 10. Qxd3 Bd6 11. Bg5 0-0 12. 0-0 Be7 13. Na4 Ne4 14. Bxe7 Qxe7 15. Nc5 Nd6 16. Qb3 Rfc8 17. Na4 Nc4 18. Nb6 Nxb6 19. Qxb6 Nd8 20. Ne5 f6 21. Nd3 Nf7 22. Rxc8+ Rxc8 23. Rc1 Rxc1+ 24. Nxc1 Nd6 25. Nd3 Nc4 26. Qc5 Kf7 27. b3 Qxc5 28. Nxc5 Nd6 29. Kf1 a5 30. f3 Ke7 31. Ke2 b6 32. Nd3 Nb5 33. g4 Nd6 34. Kd2 g5 35. Nf2 e5 36. Kd3 Ke6 37. a4 Nf7 38. Nd1 exd4 39. exd4 Nd6 40. Ne3 f5 41. h3 f4 42. Ng2 h6 43. h4 Nf7 44. h5 Nd6 45. Ne1 b5 46. Kc2 bxa4 47. bxa4 Nc4 48. Nd3 Ke7 49. Kc3 Ke6 1/2-1/2

[Event "CZE-chT 0203"]
[Site "Czech Republic"]
[Date "2002.10.13"]
[Round "2"]
[White "Kacirek, Petr"]
[Black "Novosak, Jiri"]
[Result "1/2-1/2"]
[WhiteElo "2320"]
[BlackElo "2305"]
[PlyCount "80"]
[EventDate "2002.10.01"]
[EventType "team"]
[EventRounds "11"]
[EventCountry "CZE"]
[SourceTitle "EXT 2004"]
[Source "ChessBase"]
[SourceDate "2003.11.25"]
[SourceVersion "1"]
[SourceVersionDate "2003.11.25"]
[SourceQuality "1"]
[WhiteTeam "Kolin"]
[BlackTeam "Slatinice"]
[WhiteTeamCountry "CZE"]
[BlackTeamCountry "CZE"]

1. e4 e6 2. d4 d5 3. e5 c5 4. c3 Nc6 5. Nf3 Bd7 6. a3 Nh6 7. dxc5 Bxc5 8. b4 Be7 9. Bxh6 gxh6 10. b5 Na5 11. Bd3 Qc7 12. a4 Nc4 13. Qe2 a6 14. bxa6 Rxa6 15. Nbd2 Rxa4 16. Rxa4 Bxa4 17. Nxc4 dxc4 18. Bxc4 Qa5 19. 0-0 Qxc3 20. Bd3 Bc6 21. Rd1 Rg8 22. Kh1 Qb4 23. h3 Qf4 24. Ra1 Bxf3 25. Ra8+ Bd8 26. Qxf3 Qxf3 27. gxf3 b6 28. Bxh7 Rg7 29. Bd3 Kd7 30. Bb5+ Ke7 31. Ra7+ Kf8 32. Ra8 Ke7 33. Ra7+ Kf8 34. Ra8 Ke7 35. Ra7+ Kf8 36. Rd7 Bh4 37. Rd6 Rg8 38. Rxb6 Bxf2 39. Rb8+ Kg7 40. Rxg8+ Kxg8 1/2-1/2

[Event "Prerov Friendship IM"]
[Site "Prerov"]
[Date "2001.12.11"]
[Round "8"]
[White "Novosak, Jiri"]
[Black "Molnar, Bela"]
[Result "1-0"]
[WhiteElo "2296"]
[BlackElo "2363"]
[PlyCount "69"]
[EventDate "2001.12.14"]
[EventType "tourn"]
[EventRounds "11"]
[EventCountry "CZE"]
[EventCategory "3"]
[SourceTitle "CBM 085 Extra"]
[Source "ChessBase"]
[SourceDate "2002.01.21"]
[SourceVersion "1"]
[SourceVersionDate "2002.01.21"]
[SourceQuality "1"]

1. e4 g6 2. d4 Bg7 3. Nc3 d6 4. f4 Nf6 5. Nf3 c5 6. Be3 cxd4 7. Nxd4 0-0 8. Be2 Nc6 9. Nb3 Be6 10. Bf3 Bc4 11. Qd2 a5 12. a4 Rc8 13. 0-0-0 Qc7 14. Kb1 Nb4 15. Bd4 Nc6 16. Be3 Nb4 17. Bd4 e5 18. fxe5 dxe5 19. Be3 Rfd8 20. Qf2 Bxb3 21. cxb3 Qc6 22. Rd2 Qe6 23. Rxd8+ Rxd8 24. Rd1 Rc8 25. Rd2 Qxb3 26. Bd1 Qe6 27. Bc2 Ng4 28. Qe2 h5 29. Nd5 Nxe3 30. Qxe3 Kh7 31. Nxb4 Bh6 32. Qf3 Bxd2 33. Bb3 Qe7 34. Nd5 Qe6 35. Nf6+ 1-0

[Event "Olomouc Agentura 64 op"]
[Site "Olomouc"]
[Date "2000.08.08"]
[Round "7"]
[White "Sarakauskiene, Zivile"]
[Black "Novosak, Jiri"]
[Result "0-1"]
[WhiteElo "2119"]
[BlackElo "2147"]
[PlyCount "82"]
[EventDate "2000.08.02"]
[EventType "swiss"]
[EventRounds "9"]
[EventCountry "CZE"]
[SourceTitle "EXT 2001"]
[Source "ChessBase"]
[SourceDate "2000.11.22"]
[SourceVersion "1"]
[SourceVersionDate "2000.11.22"]
[SourceQuality "1"]

1. e4 e6 2. d4 d5 3. exd5 exd5 4. Qf3 Nf6 5. h3 c5 6. Bg5 cxd4 7. Bxf6 Qxf6 8. Qxf6 gxf6 9. Nf3 Nc6 10. Nbd2 Bf5 11. 0-0-0 d3 12. c3 d4 13. c4 0-0-0 14. Nh4 Be6 15. b3 Nb4 16. Kb2 a5 17. a3 Nc6 18. Bxd3 Ne5 19. Be4 a4 20. f4 Ng6 21. Nxg6 hxg6 22. b4 Bd6 23. Rhf1 Rh4 24. f5 gxf5 25. Bxf5 Rg8 26. Be4 Kb8 27. Rf2 Rg3 28. Bc2 Bd7 29. Ne4 Be5 30. Kb1 Rxa3 31. Nc5 Bc6 32. b5 d3 33. Bxd3 Ra1+ 34. Kc2 Ra2+ 35. Kc1 Rxf2 36. bxc6 bxc6 37. Nxa4 Rxg2 38. Nc5 Rxh3 39. Ne4 Rhh2 40. Rd2 Rxd2 41. Nxd2 Bf4 0-1

[Event "Frydek Mistek op-B"]
[Site "Frydek Mistek"]
[Date "1997.??.??"]
[Round "3"]
[White "Ianov, Viktor"]
[Black "Novosak, Jiri"]
[Result "1-0"]
[WhiteElo "2310"]
[BlackElo "2135"]
[PlyCount "99"]
[EventDate "1997.??.??"]
[EventType "swiss"]
[EventRounds "9"]
[EventCountry "CZE"]
[SourceTitle "EXT 1998"]
[Source "ChessBase"]
[SourceDate "1997.11.17"]
[SourceVersion "1"]
[SourceVersionDate "1997.11.17"]
[SourceQuality "1"]

1. Nf3 Nf6 2. g3 d5 3. Bg2 e6 4. 0-0 Be7 5. d3 0-0 6. Nbd2 Nbd7 7. e4 c6 8. Re1 dxe4 9. dxe4 e5 10. Nc4 Qc7 11. a4 Re8 12. Bg5 Bf8 13. a5 h6 14. Bd2 Nc5 15. Nh4 Be6 16. Qe2 Rad8 17. Bc3 Bxc4 18. Qxc4 Ne6 19. Nf3 Nd7 20. h4 c5 21. Red1 Qb8 22. Bd2 Nd4 23. Ne1 Nc6 24. c3 Qc7 25. Qa4 Nf6 26. Nc2 Nd7 27. Ne3 Nf6 28. Nc4 Nd7 29. Be3 Nf6 30. Qb5 Rxd1+ 31. Rxd1 a6 32. Qb6 Qxb6 33. axb6 Ng4 34. Bc1 Be7 35. Bh3 Nf6 36. f3 Rd8 37. Rxd8+ Bxd8 38. Bc8 Nb8 39. Bxb7 Nfd7 40. Be3 f6 41. Bd5+ Kf8 42. b7 Ke7 43. Kf2 Bc7 44. f4 Ke8 45. Kf3 Ke7 46. Kg4 Kf8 47. Kf5 Ke7 48. Kg6 Kf8 49. Be6 Bd8 50. Bxd7 1-0

[Event "Frydek Mistek op"]
[Site "Frydek Mistek"]
[Date "1996.??.??"]
[Round "3"]
[White "Bolacky, Jiri"]
[Black "Novosak, Jiri"]
[Result "1/2-1/2"]
[WhiteElo "2215"]
[BlackElo "2230"]
[PlyCount "118"]
[EventDate "1996.??.??"]
[EventType "swiss"]
[EventRounds "9"]
[EventCountry "CZE"]
[SourceTitle "EXT 1998"]
[Source "ChessBase"]
[SourceDate "1997.11.17"]
[SourceVersion "1"]
[SourceVersionDate "1997.11.17"]
[SourceQuality "1"]

1. e4 e6 2. d3 d5 3. Nd2 Nf6 4. Ngf3 Be7 5. g3 b6 6. Bg2 Bb7 7. e5 Nfd7 8. 0-0 c5 9. Re1 Nc6 10. h4 h6 11. c3 Qc7 12. Qe2 0-0-0 13. a3 Kb8 14. b4 Rc8 15. Nb3 Ba6 16. c4 dxc4 17. dxc4 cxb4 18. axb4 Nxb4 19. Rxa6 Nxa6 20. Nfd4 Qxc4 21. Qe4 Qd5 22. Qe2 Qc4 23. Qf3 Kc7 24. Qb7+ Kd8 25. Nc6+ Rxc6 26. Bxc6 Nab8 27. Bxd7 Nxd7 28. Rd1 Qc8 29. Qxa7 Ke8 30. Be3 f6 31. Rc1 Qd8 32. Nd4 Kf7 33. Nc6 Qe8 34. Nxe7 Qxe7 35. Bxb6 Nxb6 36. Rc7 Nd5 37. Rxe7+ Nxe7 38. exf6 gxf6 39. Kg2 Rd8 40. h5 Rd5 41. g4 Rg5 42. Kh3 Rd5 43. Qe3 Ng8 44. Kh4 Rg5 45. f4 Rd5 46. Qf3 Ne7 47. Qb3 Kg7 48. Qb7 Kf7 49. Qa8 Rd4 50. Qh8 Ng8 51. Qh7+ Kf8 52. Kg3 Rd5 53. Kf3 Rd1 54. Ke4 Re1+ 55. Kd3 Rd1+ 56. Ke3 Rd5 57. Qg6 e5 58. Qe4 exf4+ 59. Kxf4 Re5 1/2-1/2

[Event "Frydek Mistek op"]
[Site "Frydek Mistek"]
[Date "1996.??.??"]
[Round "6"]
[White "Kislov, Mikhail"]
[Black "Novosak, Jiri"]
[Result "1-0"]
[WhiteElo "2415"]
[BlackElo "2230"]
[PlyCount "50"]
[EventDate "1996.??.??"]
[EventType "swiss"]
[EventRounds "9"]
[EventCountry "CZE"]
[SourceTitle "EXT 1998"]
[Source "ChessBase"]
[SourceDate "1997.11.17"]
[SourceVersion "1"]
[SourceVersionDate "1997.11.17"]
[SourceQuality "1"]

1. e4 e6 2. d4 d5 3. e5 c5 4. Qg4 cxd4 5. Nf3 Nc6 6. Bd3 Qc7 7. 0-0 Nxe5 8. Nxe5 Qxe5 9. Bf4 Qf6 10. Bg5 Qe5 11. Nd2 Nh6 12. Qh4 Nf5 13. Nf3 Qd6 14. Bxf5 exf5 15. Rfe1+ Be6 16. Nxd4 g6 17. c4 Bg7 18. cxd5 0-0 19. Nxe6 fxe6 20. dxe6 Rfe8 21. Red1 Qc6 22. e7 Bxb2 23. Qb4 Bg7 24. Qb3+ Kh8 25. Rd8 h6 1-0

[Event "CZE-chT2c 9596"]
[Site "Czech Republic"]
[Date "1996.??.??"]
[Round "6"]
[White "Novosak, Jiri"]
[Black "Poloch, Petr"]
[Result "0-1"]
[WhiteElo "2160"]
[BlackElo "2355"]
[PlyCount "102"]
[EventDate "1995.??.??"]
[EventType "team"]
[EventRounds "11"]
[EventCountry "CZE"]
[SourceTitle "EXT 2000"]
[Source "ChessBase"]
[SourceDate "1999.11.16"]
[SourceVersion "1"]
[SourceVersionDate "1999.11.16"]
[SourceQuality "1"]

1. e4 c5 2. Nf3 e6 3. c4 Nc6 4. Nc3 Nf6 5. Be2 d5 6. exd5 exd5 7. d4 Be6 8. Be3 dxc4 9. Qa4 Qa5 10. Qxa5 Nxa5 11. Nb5 cxd4 12. Bd2 Nc6 13. Nc7+ Kd7 14. Nxa8 Bd6 15. 0-0 Rxa8 16. Ng5 Bd5 17. Bf3 Bxf3 18. Nxf3 Ne4 19. Rfd1 Re8 20. Be1 d3 21. b3 c3 22. Rxd3 Nb4 23. Rxc3 Nxc3 24. Bxc3 f6 25. Ne1 Re2 26. a3 Nc2 27. Nxc2 Rxc2 28. Bd4 Kc6 29. g3 a5 30. a4 Bc5 31. Rd1 Bxd4 32. Rxd4 Rb2 33. Rd3 Kc5 34. h4 h5 35. Kg2 b6 36. Kf3 Kb4 37. Rd7 Rxb3+ 38. Kf4 Kxa4 39. Rxg7 Rb4+ 40. Kf5 Kb3 41. g4 a4 42. f4 a3 43. gxh5 Rb5+ 44. Kxf6 a2 45. Rg1 Rxh5 46. Rh1 Rxh4 47. Rxh4 a1Q+ 48. Kg5 Qg7+ 49. Kf5 b5 50. Rh3+ Kc4 51. Rg3 Qxg3 0-1

[Event "Frydek Mistek op-A"]
[Site "Frydek Mistek"]
[Date "1995.??.??"]
[Round "?"]
[White "Novosak, Jiri"]
[Black "Movsesian, Sergei"]
[Result "0-1"]
[WhiteElo "2160"]
[BlackElo "2435"]
[PlyCount "72"]
[EventDate "1995.??.??"]
[EventType "swiss"]
[EventRounds "8"]
[EventCountry "CZE"]
[SourceTitle "EXT 1999"]
[Source "ChessBase"]
[SourceDate "1998.11.16"]
[SourceVersion "1"]
[SourceVersionDate "1998.11.16"]
[SourceQuality "1"]

1. e4 c5 2. Nf3 e6 3. c4 Nc6 4. Nc3 Nf6 5. Be2 a6 6. 0-0 Qc7 7. b3 Nd4 8. Bb2 Ng4 9. g3 Nf6 10. Bd3 d6 11. Re1 Be7 12. Bf1 0-0 13. d3 e5 14. Nxd4 cxd4 15. Ne2 g6 16. Bg2 Ne8 17. f4 Ng7 18. Rc1 f5 19. b4 fxe4 20. Bxe4 Be6 21. c5 dxc5 22. bxc5 Rad8 23. c6 bxc6 24. Rxc6 Qa5 25. fxe5 Bg4 26. Rf1 Rxf1+ 27. Qxf1 Qd2 28. Nf4 Qxb2 29. Nd5 Bg5 30. Rc7 Rf8 31. Nf6+ Kh8 32. h4 Bxf6 33. exf6 Nh5 34. f7 Qd2 35. Bf3 Qe3+ 36. Kg2 Qe5 0-1

[Event "Ostrava Konik op"]
[Site "Ostrava"]
[Date "1995.??.??"]
[Round "?"]
[White "Novosak, Jiri"]
[Black "Vaclavik, David"]
[Result "0-1"]
[WhiteElo "2160"]
[BlackElo "2005"]
[PlyCount "58"]
[EventDate "1995.??.??"]
[EventType "swiss"]
[EventRounds "9"]
[EventCountry "CZE"]
[SourceTitle "EXT 1999"]
[Source "ChessBase"]
[SourceDate "1998.11.16"]
[SourceVersion "1"]
[SourceVersionDate "1998.11.16"]
[SourceQuality "1"]

1. e4 c5 2. Nf3 d6 3. d4 cxd4 4. Qxd4 Nc6 5. Bb5 Bd7 6. Bxc6 Bxc6 7. Nc3 e6 8. Bg5 Nf6 9. 0-0-0 Be7 10. Qd3 0-0 11. Nd4 Qa5 12. f4 Rfe8 13. h4 d5 14. e5 Ne4 15. Nxc6 bxc6 16. Nxe4 dxe4 17. Qc4 Bf8 18. h5 Rab8 19. Bh4 Rb4 20. Be1 Rxc4 21. Bxa5 e3 22. g3 Ra4 23. Bc3 Rxa2 24. Kb1 Ra4 25. Rd4 Rxd4 26. Bxd4 e2 27. c3 Rd8 28. Kc2 Rxd4 29. cxd4 Bb4 0-1

[Event "Morava-ch"]
[Site "Prerov"]
[Date "1995.??.??"]
[Round "8"]
[White "Novosak, Jiri"]
[Black "Vrana, Frantisek"]
[Result "1-0"]
[WhiteElo "2160"]
[BlackElo "2240"]
[PlyCount "59"]
[EventDate "1995.??.??"]
[EventType "swiss"]
[EventRounds "9"]
[EventCountry "CZE"]
[SourceTitle "EXT 1997"]
[Source "ChessBase"]
[SourceDate "1996.11.15"]
[SourceVersion "1"]
[SourceVersionDate "1996.11.15"]
[SourceQuality "1"]

1. e4 c6 2. c4 e5 3. d4 d6 4. f4 Qf6 5. Nf3 exf4 6. e5 dxe5 7. dxe5 Bb4+ 8. Nc3 Qg6 9. Bd3 Qxg2 10. Rg1 Qh3 11. Bxf4 Bg4 12. Rg3 Qh5 13. Qe2 Ne7 14. Qg2 Bxf3 15. Rxf3 Bxc3+ 16. bxc3 Ng6 17. 0-0-0 Nd7 18. Bg5 h6 19. e6 fxe6 20. Bf6 Nde5 21. Rh3 Nxd3+ 22. Rdxd3 Qf5 23. Rhf3 Qh5 24. Bxg7 Rg8 25. Bf6 Ne7 26. Qd2 Rg1+ 27. Kb2 Qg6 28. Rd7 Nf5 29. Rxf5 Qxf5 30. Re7+ 1-0

[Event "CZE-ch U16"]
[Site "Plzen"]
[Date "1995.??.??"]
[Round "8"]
[White "Simacek, Pavel"]
[Black "Novosak, Jiri"]
[Result "1-0"]
[WhiteElo "2125"]
[BlackElo "2160"]
[PlyCount "83"]
[EventDate "1995.??.??"]
[EventType "swiss"]
[EventRounds "9"]
[EventCountry "CZE"]
[SourceTitle "EXT 1998"]
[Source "ChessBase"]
[SourceDate "1997.11.17"]
[SourceVersion "1"]
[SourceVersionDate "1997.11.17"]
[SourceQuality "1"]

1. e4 e6 2. d4 d5 3. e5 c5 4. Qg4 cxd4 5. Bd3 Nc6 6. Nf3 Nge7 7. 0-0 Ng6 8. Re1 Qc7 9. Qg3 f6 10. c3 Ngxe5 11. Nxe5 fxe5 12. Bxh7 Bd6 13. cxd4 e4 14. Bg6+ Kf8 15. f4 Nxd4 16. Be3 Nc6 17. Nc3 Qe7 18. Nb5 Bc5 19. f5 Bxe3+ 20. Rxe3 e5 21. Rf1 a6 22. f6 gxf6 23. Nc7 Qxc7 24. Rxf6+ Ke7 25. Rf7+ Kd6 26. Rxc7 Kxc7 27. Bf7 d4 28. Rxe4 Bd7 29. Bd5 Rae8 30. h4 Kb6 31. h5 Ka7 32. Qg7 Ne7 33. Rxe5 Nxd5 34. Rxd5 Bc6 35. Qxd4+ Ka8 36. Rg5 Rhg8 37. Rxg8 Rxg8 38. h6 Rxg2+ 39. Kf1 Rh2 40. Qh8+ Ka7 41. h7 Bb5+ 42. Kg1 1-0